[Event "TCh-FRA Top 12 2011"]
[Site "Mulhouse FRA"]
[Date "2011.05.26"]
[Round "1.2"]
[White "Nisipeanu,LD"]
[Black "Le Roux,JP"]
[Result "1/2-1/2"]
[WhiteElo "2659"]
[BlackElo "2523"]

1.Nf3 d5 2.c4 e6 3.d4 Nf6 4.Nc3 Be7 5.Bf4 O-O 6.e3 Nbd7 7.Be2 c5 8.cxd5 Nxd5
9.Nxd5 exd5 10.dxc5 Nxc5 11.Be5 Be6 12.O-O Bf6 13.Bxf6 Qxf6 14.Qd4 Qxd4 15.Nxd4 Rfc8
16.Rad1 Kf8 17.g4 a6 18.f3 Rc7 19.Rd2 Rac8 20.Bd1 Bd7 21.Re1 g6 22.Kf2 a5
23.h3 Na4 24.Be2 Nb6 25.b3 a4 26.Red1 axb3 27.axb3 Ra8 28.f4 Nc8 29.Bf3 Ne7
30.Rb2 Ra6 31.Rdd2 Rb6 32.Ra2 Rc3 33.Ra8+ Kg7 34.Rd8 Be6 35.Re8 Rc7 36.Ra2 Ra6
37.Rxa6 bxa6 38.Ra8 Bc8 39.Ke2 Bb7 40.Rd8 Nc6 41.Nxc6 Bxc6 42.Rb8 a5 43.Rb6 a4
44.bxa4 Bxa4 45.Bxd5 Rc2+ 46.Kf3 Rh2 47.f5 gxf5 48.gxf5 Rxh3+ 49.Kf4 f6 50.Rb7+ Kh6
51.Rf7 Rh4+ 52.Kg3 Kg5 53.Bf3 Rb4 54.e4 Be8 55.Re7 Rb8 56.Rxh7 Rb3 57.Rh8 Bf7
58.Rf8 Bc4 59.Rh8 Bf7 60.Rh7 Be8 61.Rh1 Bf7 62.Rh8 Ra3 63.Rh4 Rxf3+ 64.Kxf3 Kxh4
65.Kf4  1/2-1/2

[Event "TCh-FRA Top 12 2011"]
[Site "Mulhouse FRA"]
[Date "2011.05.29"]
[Round "4.7"]
[White "Demuth,A"]
[Black "Roos,J"]
[Result "1-0"]
[WhiteElo "2414"]
[BlackElo "2235"]

1.d4 e6 2.c4 d5 3.Nf3 Nf6 4.Nc3 Be7 5.Bf4 O-O 6.e3 Nbd7 7.c5 c6 8.h3 b6 9.b4 Ne4
10.Nxe4 dxe4 11.Ne5 Nxe5 12.Bxe5 f6 13.Bg3 a5 14.a3 Qd5 15.Be2 axb4 16.axb4 Rxa1
17.Qxa1 Bb7 18.O-O Ra8 19.Qc3 b5 20.Ra1 Ra2 21.Bd1 Bc8 22.Bb3 Rxa1+ 23.Qxa1 Qd7
24.Qa8 Kf7 25.Qb8 g5 26.Qa8 Kg7 27.Qa1 Kg6 28.Qa2 h5 29.Qc2 f5 30.Be5 Bf6
31.Bd6 Qa7 32.Qb2 g4 33.hxg4 hxg4 34.Bf4 Bg5 35.Be5 Bh6 36.Kf1 Bg7 37.Bf4 Bf6
38.Ke2 Bd7 39.f3 exf3+ 40.gxf3 gxf3+ 41.Kxf3 Qa8 42.Qg2+ Kf7 43.Qh3 Qa1 44.Qh7+ Bg7
45.Qxf5+ Bf6 46.Qh7+ Bg7 47.Kf2 Qa8  1-0

[Event "TCh-FRA Top 12 2011"]
[Site "Mulhouse FRA"]
[Date "2011.05.30"]
[Round "5"]
[White "Avrukh,B"]
[Black "Pelletier,Y"]
[Result "1/2-1/2"]
[WhiteElo "2601"]
[BlackElo "2587"]

1.d4 Nf6 2.c4 e6 3.Nf3 d5 4.Nc3 Be7 5.Bf4 O-O 6.a3 b6 7.cxd5 Nxd5 8.Nxd5 Qxd5
9.Bxc7 Ba6 10.Bxb8 Raxb8 11.e3 Bxf1 12.Kxf1 Qb5+ 13.Qe2 Qb3 14.h4 Rbc8 15.Ne1 e5
16.dxe5 f6 17.e6 Rfd8 18.Rh3 Qxe6 19.Rf3 f5 20.Rf4 Bf6 21.Nf3 g6 22.g3 a5
23.Rd1 Qb3 24.Nd4 Qd5 25.Kg1 Be5 26.Rf3 a4 27.Kg2 Qc4  1/2-1/2

[Event "Chicago Open"]
[Site "Wheeling USA"]
[Date "2011.05.30"]
[Round "9"]
[White "Shulman,Y"]
[Black "Gurevich,D"]
[Result "1/2-1/2"]
[WhiteElo "2627"]
[BlackElo "2476"]

1.d4 d5 2.c4 e6 3.Nc3 Be7 4.Nf3 Nf6 5.Bf4 O-O 6.e3 b6 7.cxd5 Nxd5 8.Nxd5 exd5
9.Bd3 c5 10.O-O c4 11.Bc2 Nc6 12.b3 Ba6 13.Qb1 g6 14.bxc4 Bxc4 15.Rd1 Bd6
16.Bxd6 Qxd6 17.Nd2 Na5 18.e4 f6 19.Qb2 Rac8 20.Re1 dxe4 21.Nxe4 Qd5 22.h3 Kg7
23.Nd2 Qd6 24.Ne4 Qd7 25.Rad1 Bd5 26.Nc3 Qc6 27.Nxd5 Qxd5 28.Be4 Qd6 29.Qb5 Rc4
30.d5 Rc5 31.Qa6 Rf7 32.Bf3 Nc4 33.Re6 Qd7 34.Rc6 Ne5 35.Rxc5 Nxf3+ 36.gxf3 bxc5
37.Kg2 Re7 38.Qc6 Qxc6 39.dxc6 Kf7 40.Rc1 Ke6  1/2-1/2

[Event "TCh-FRA Top 12 2011"]
[Site "Mulhouse FRA"]
[Date "2011.06.01"]
[Round "7"]
[White "Riazantsev,A"]
[Black "Bacrot,E"]
[Result "1/2-1/2"]
[WhiteElo "2679"]
[BlackElo "2705"]

1.d4 Nf6 2.c4 e6 3.Nf3 d5 4.Nc3 Be7 5.Bf4 O-O 6.e3 Nbd7 7.c5 Nh5 8.Bd3 Nxf4
9.exf4 b6 10.b4 a5 11.a3 c6 12.O-O Qc7 13.g3 Ba6 14.Rb1 axb4  1/2-1/2

[Event "TCh-FRA Top 12 2011"]
[Site "Mulhouse FRA"]
[Date "2011.06.01"]
[Round "7"]
[White "Pelletier,Y"]
[Black "Adams,Mi"]
[Result "1/2-1/2"]
[WhiteElo "2587"]
[BlackElo "2726"]

1.d4 Nf6 2.c4 e6 3.Nf3 d5 4.Nc3 Be7 5.Bf4 O-O 6.e3 Nbd7 7.c5 c6 8.Bd3 b6
9.b4 a5 10.a3 Ba6 11.O-O Qc8 12.h3  1/2-1/2

[Event "Fynsmesterskabet 2011"]
[Site "Odense DEN"]
[Date "2011.06.01"]
[Round "1.26"]
[White "Randlov,Carsten"]
[Black "Rostgaard,T"]
[Result "1-0"]
[WhiteElo "1863"]
[BlackElo "2207"]

1.d4 d5 2.c4 e6 3.Nf3 Nf6 4.Nc3 Be7 5.Bf4 O-O 6.e3 c6 7.Qc2 Nbd7 8.Bd3 b6
9.O-O Bb7 10.Rad1 dxc4 11.Bxc4 Nd5 12.Bg3 Nb4 13.Qe2 b5 14.Bb3 a5 15.a3 Nd5
16.e4 Nxc3 17.bxc3 Bxa3 18.e5 Re8 19.Qe4 Nf8 20.h4 Be7 21.Qg4 a4 22.Ba2 Qa5
23.Bf4 Qxc3 24.Bh6 g6 25.Ng5 Qa3 26.Bb1 Bxg5 27.Bxg5 h5 28.Qf4 c5 29.Bf6 Kh7
30.Qg5 Bf3 31.Rd3 Qxd3 32.Bxd3 Bg4 33.f3 Bf5 34.Bxf5 exf5 35.g4 Ne6 36.Qc1 cxd4
37.gxh5 Rac8 38.hxg6+ fxg6 39.Qd2 Rc7 40.h5 Rg8 41.hxg6+ Rxg6+ 42.Kf2 Kg8
43.Rg1 Rxg1 44.Kxg1 a3 45.Qa5 Rc1+ 46.Kf2 Rc2+ 47.Kg3 a2 48.Qa8+ Kf7 49.Qa7+ Kg6
50.Qa8 Kf7 51.Qa3 b4 52.Qa4 f4+ 53.Kh3 Rc7 54.Qxa2 d3 55.Kg4 Rb7 56.Qh2 Ke8
57.Qh5+ Rf7 58.Qf5 Kd7 59.Qxd3+ Ke8 60.Qb5+ Rd7 61.Qxb4 Kf7 62.Qc4  1-0

[Event "TCh-FRA Top 12 2011"]
[Site "Mulhouse FRA"]
[Date "2011.06.02"]
[Round "8"]
[White "Sokolov,Ivan"]
[Black "Le Roux,JP"]
[Result "1-0"]
[WhiteElo "2645"]
[BlackElo "2523"]

1.d4 Nf6 2.Nf3 e6 3.c4 d5 4.Nc3 Be7 5.Bf4 O-O 6.e3 Nbd7 7.Bd3 dxc4 8.Bxc4 a6
9.a4 c5 10.dxc5 Nxc5 11.O-O Qxd1 12.Rfxd1 Rd8 13.Ne5 Nh5 14.Rxd8+ Bxd8 15.b4 Nd7
16.Rd1 g5 17.Be2 gxf4 18.Bxh5 Nxe5 19.Rxd8+ Kg7 20.exf4 Nc6 21.Re8 Nxb4 22.Re7 b5
23.Rxf7+ Kg8 24.axb5 axb5 25.Re7 Rb8 26.Rxe6 Bb7 27.Nxb5 Nd5 28.Rb6 Nxf4
29.h4 Nxh5 30.Nd6 Rd8 31.Nxb7 Rd1+ 32.Kh2 Rd2 33.Rb5 Nf6 34.f3 Kf7 35.Nc5  1-0

[Event "Haspa-Schachpokal 2011 GpA"]
[Site "Bargteheide GER"]
[Date "2011.06.04"]
[Round "5.6"]
[White "Colpe,M"]
[Black "Wronn,B"]
[Result "1/2-1/2"]
[WhiteElo "2248"]
[BlackElo "2203"]

1.d4 Nf6 2.c4 e6 3.Nf3 d5 4.Nc3 Be7 5.Bf4 O-O 6.e3 c5 7.dxc5 Qa5 8.a3 dxc4
9.Bxc4 Qxc5 10.Qe2 Nd5 11.Bxd5 exd5 12.Qd3 Bf6 13.Nb5 Bf5 14.Qxf5 Qxb5 15.Ng5 Bxg5
16.Bxg5 Nd7 17.Rd1 Rac8 18.Qxd5 Qxd5 19.Rxd5 Nb6 20.Rd1 Rc2 21.b4 f6 22.Bf4 Ra2
23.O-O Rxa3 24.g4 Rc8 25.Rd4 Rc2 26.Rd8+ Kf7 27.Rb8 g5 28.Rxb7+ Kg6 29.Bb8 Rc4
30.h3 Nd5 31.Bxa7 Rxb4 32.Rxb4 Nxb4 33.Bc5 Rb3 34.Rd1 Nd3 35.Bd4 Nb4 36.Kg2 Nc2
37.Bc5 h5 38.Rd6 Ne1+ 39.Kf1 Rb1 40.Ke2 hxg4 41.hxg4 Nc2 42.Kd2 Rb5 43.Ba7 Na3
44.Ra6 Nc4+ 45.Kc3 Ne5 46.Ra4 Rb7 47.f4 Rc7+ 48.Kd2 Nxg4 49.fxg5 Rd7+  1/2-1/2

[Event "TCh-BIH 2011"]
[Site "Neum BIH"]
[Date "2011.06.04"]
[Round "1.4"]
[White "Tadic,Br"]
[Black "Abramovic,B"]
[Result "1/2-1/2"]
[WhiteElo "2493"]
[BlackElo "2467"]

1.c4 e6 2.Nc3 d5 3.d4 Be7 4.Nf3 Nf6 5.Bf4 O-O 6.e3 c5 7.dxc5 Bxc5 8.Qc2 Nc6
9.Rd1 Be7 10.a3 Qa5 11.Be2 Ne4 12.cxd5 Nxc3 13.Qxc3 Qxc3+ 14.bxc3 exd5 15.Rxd5  1/2-1/2

[Event "TCh-BIH 2011"]
[Site "Neum BIH"]
[Date "2011.06.08"]
[Round "5.2"]
[White "Sutkovic,D"]
[Black "Batinic,P"]
[Result "1/2-1/2"]
[WhiteElo "2320"]
[BlackElo "2303"]

1.d4 d5 2.c4 e6 3.Nc3 Nf6 4.Nf3 Be7 5.Bf4 Nbd7 6.e3 O-O 7.c5 c6 8.h3 b6 9.b4 bxc5
10.bxc5 Ne4 11.Nxe4 dxe4 12.Ne5 Nxe5 13.Bxe5 f6 14.Bg3 Qa5+ 15.Qd2 Qa4 16.Be2 Rd8
17.Qc3 Ba6 18.Bd1 Qb5 19.a4 Qd3 20.Qxd3 Bxd3 21.Bb3 Kf7 22.Rc1 Rd7 23.Bc4 Bxc4
24.Rxc4 Rb7 25.O-O Rd8 26.Rcc1 Rdd7 27.Rb1 e5 28.dxe5 f5 29.a5 Bxc5 30.a6 Rb5
31.Rfc1 Rd5 32.Ra1 Ke6 33.Ra4 Rd2 34.Rac4 Rd5 35.h4 g6 36.Bf4 h6 37.Kh2 g5
38.hxg5 hxg5 39.Bxg5 Kxe5 40.Bf4+ Ke6 41.Kh3 Kd7 42.R1c2 Ra5 43.g4 Bb6 44.Rxc6 fxg4+
45.Kxg4 Rxa6 46.Rh6 Ra1 47.Rh7+ Ke8 48.Rc8+ Rd8 49.Rc4 Rg1+ 50.Bg3 a5 51.Rxe4+ Kf8
52.Kf5 Rc1 53.Rg4 Rc2 54.Rgh4 Ke8 55.Rb7 Bc5 56.Rc7 Rdd2 57.Rh8+ Bf8 58.Rxc2 Rxc2
59.Bd6 Rxf2+ 60.Ke6 a4 61.e4 Rf3 62.e5 a3 63.Bxf8 Rxf8 64.Rh3 Rg8 65.Rxa3 Rg6+
66.Kf5 Rb6 67.Ra1 Ke7 68.Ra7+ Ke8 69.e6 Rb1 70.Kf6 Rf1+  1/2-1/2

[Event "DJEM U18"]
[Site "Oberhof GER"]
[Date "2011.06.12"]
[Round "1.5"]
[White "Graf,F"]
[Black "Kuenstler,C"]
[Result "1-0"]
[WhiteElo "2318"]
[BlackElo "2060"]

1.d4 d5 2.c4 e6 3.Nc3 Be7 4.Nf3 Nf6 5.Bf4 O-O 6.e3 b6 7.cxd5 Nxd5 8.Nxd5 exd5
9.Bd3 c5 10.dxc5 bxc5 11.Qc2 h6 12.O-O Nc6 13.a3 Bg4 14.Rfd1 Qb6 15.Rac1 Rac8
16.h3 Be6 17.Qe2 f5 18.Bh2 c4 19.Bb1 Bf6 20.Rc2 g6 21.Ba2 Bf7 22.Rb1 Rfd8
23.Bg3 Rd7 24.Kh2 Bg7 25.b3 cxb3 26.Rxb3 Qa5 27.Qb5 Qxb5 28.Rxb5 Ne7 29.Rxc8+ Nxc8
30.Rb8 Rd8 31.Ne5 Be8 32.Bxd5+ Rxd5 33.Rxc8 Kf8 34.Nc4 Ke7 35.Ra8 Rd7 36.Nd6 Rd8
37.Rxa7+ Bd7 38.a4 Ke6 39.Nb7 Rc8 40.Ra6+ Rc6 41.Nd8+  1-0

[Event "5th Kings Tournament"]
[Site "Medias ROU"]
[Date "2011.06.13"]
[Round "3"]
[White "Carlsen,M"]
[Black "Radjabov,T"]
[Result "1/2-1/2"]
[WhiteElo "2815"]
[BlackElo "2744"]

1.c4 e6 2.Nc3 d5 3.d4 Be7 4.Nf3 Nf6 5.Bf4 O-O 6.e3 Nbd7 7.a3 c5 8.cxd5 Nxd5
9.Nxd5 exd5 10.dxc5 Nxc5 11.Be5 Bf6 12.Bxf6 Qxf6 13.Qd4 Qe7 14.Qf4 Qe4 15.Qxe4 dxe4
16.Nd4 Be6 17.Be2 Rfd8 18.O-O Nb3 19.Nxe6 fxe6 20.Rad1 Kf7 21.f4 Kf6 22.Kf2 Nd2
23.Rfe1 Rac8 24.Rc1 Nb3 25.Rc4 Rxc4 26.Bxc4 Nc5 27.Ke2 b5 28.Ba2 Nd3 29.Rd1 Rc8
30.Bb1 Nxb2 31.Rd7 Na4 32.Bxe4 Nc5 33.Rd4 Nxe4 34.Rxe4 Rc2+ 35.Kf3 Ra2 36.Rb4 a6
37.Rb3 Ke7  1/2-1/2

[Event "DJEM U18"]
[Site "Oberhof GER"]
[Date "2011.06.13"]
[Round "3.1"]
[White "Graf,F"]
[Black "Svane,R"]
[Result "1-0"]
[WhiteElo "2318"]
[BlackElo "2297"]

1.d4 d5 2.c4 e6 3.Nc3 Be7 4.Nf3 Nf6 5.Bf4 O-O 6.e3 Nbd7 7.c5 Nh5 8.Bd3 Nxf4
9.exf4 b6 10.b4 a5 11.a3 c6 12.O-O Qc7 13.Ne5 Nxe5 14.fxe5 Ba6 15.Na4 bxc5
16.bxc5 Bxd3 17.Qxd3 Rfb8 18.Rfb1 Bd8 19.Nb6 Ra7 20.Rb2 f5 21.Rab1 Qf7 22.h3 h5
23.Na4 Rab7 24.Qa6 Rxb2 25.Rxb2 Rxb2 26.Nxb2 Qc7 27.Qa8 Kf7 28.Na4 g5 29.Nb6 Ke7
30.a4 Ke8 31.Nc8 g4 32.hxg4 hxg4 33.Na7 Kd7 34.Nb5 Qc8 35.Qa7+ Bc7 36.Qxc7+ Qxc7
37.Nxc7 Kxc7 38.Kh2 f4 39.f3  1-0

[Event "64th ch-RUS HL"]
[Site "Taganrog RUS"]
[Date "2011.06.16"]
[Round "2"]
[White "Bukavshin,I"]
[Black "Mokshanov,A"]
[Result "1-0"]
[WhiteElo "2502"]
[BlackElo "2393"]

1.d4 d5 2.c4 e6 3.Nc3 Nf6 4.Nf3 Be7 5.Bf4 O-O 6.e3 Nbd7 7.c5 c6 8.h3 b6 9.b4 a5
10.a3 Ba6 11.Bxa6 Rxa6 12.b5 cxb5 13.c6 Qc8 14.c7 b4 15.Nb5 Ne4 16.O-O Qb7
17.Qa4 Ndf6 18.Rfc1 Rc8 19.Ne5 Bf8 20.axb4 Bxb4 21.Nc6 Bf8 22.Nd8 Qa8 23.Rc2 Ne8
24.Na7 Rxc7 25.Bxc7 Nxc7 26.Qd7  1-0

[Event "Voronezh FIDE Open"]
[Site "Voronezh RUS"]
[Date "2011.06.16"]
[Round "5.11"]
[White "Sukhareva,E"]
[Black "Gerasko,V"]
[Result "1-0"]
[WhiteElo "2194"]
[BlackElo "1962"]

1.d4 Nf6 2.c4 e6 3.Nf3 d5 4.Nc3 Be7 5.Bf4 a6 6.e3 Nc6 7.h3 h6 8.a3 O-O 9.Rc1 Bd6
10.Ne5 Na7 11.c5 Be7 12.b4 Nd7 13.Bd3 Bg5 14.Bh2 Nxe5 15.Bxe5 Nc6 16.Bh2 f5
17.O-O f4 18.exf4 Bxf4 19.Bxf4 Rxf4 20.Ne2 Rf8 21.f4 Qh4 22.Qb3 Ne7 23.a4 Nf5
24.Bxf5 Rxf5 25.b5 axb5 26.axb5 Bd7 27.Ra1 Rff8 28.Rac1 c6 29.b6 Be8 30.Qe3 Bf7
31.Ra1 Qf6 32.Ra7 Bh5 33.Ng3 Bg6 34.Rxb7 Ra2 35.Rc7 Be8 36.Rb1 Qg6 37.Re1 Rb2
38.Qxe6+ Qxe6 39.Rxe6 h5 40.Ree7 Bf7 41.Nxh5 Rb4 42.b7 Rxd4 43.Rxf7  1-0

[Event "3rd Gaudeamus Cup"]
[Site "Bucharest ROU"]
[Date "2011.06.17"]
[Round "1"]
[White "Stanciu,R"]
[Black "Gheoalda,D"]
[Result "1-0"]
[WhiteElo "2102"]
[BlackElo "1792"]

1.d4 e6 2.Nf3 d5 3.c4 Nf6 4.Nc3 Be7 5.Bf4 c6 6.e3 Nbd7 7.Bd3 O-O 8.Qc2 Qa5
9.O-O Re8 10.Ne5 Nf8 11.h3 N6d7 12.Ne2 Nxe5 13.Bxe5 Bd7 14.a3 c5 15.dxc5 dxc4
16.Qxc4 Qxc5 17.Qxc5 Bxc5 18.Be4 Bb5 19.Rfe1 Nd7 20.Bg3 Ba6 21.Nc3 Nf6 22.Bf3 Rac8
23.Rac1 e5 24.b4 e4 25.Bd1 Bf8 26.Ba4 Red8 27.b5 Bxa3 28.Rc2 Rd3 29.bxa6 b5
30.Nxb5 Rcd8 31.Nxa3  1-0

[Event "4th Karen Asrian Memorial"]
[Site "Jermuk ARM"]
[Date "2011.06.17"]
[Round "2"]
[White "Turov,M"]
[Black "Saduakassova,D"]
[Result "1-0"]
[WhiteElo "2634"]
[BlackElo "2207"]

1.d4 Nf6 2.c4 e6 3.Nf3 d5 4.Nc3 Be7 5.Bf4 O-O 6.e3 c5 7.dxc5 Bxc5 8.cxd5 Nxd5
9.Nxd5 exd5 10.a3 Nc6 11.Bd3 Bb6 12.O-O d4 13.e4 Bg4 14.h3 Bh5 15.g4 Bg6
16.Re1 Re8 17.Rc1 Rc8 18.e5 Bxd3 19.Qxd3 h6 20.g5 Ne7 21.gxh6 Ng6 22.h7+ Kh8
23.Ng5 Re7 24.Rxc8 Qxc8 25.e6 Qe8 26.Bd6  1-0

[Event "IX Gyorgy Marx Mem"]
[Site "Paks HUN"]
[Date "2011.06.17"]
[Round "1"]
[White "Wojtaszek,R"]
[Black "Salgado Lopez,I"]
[Result "1-0"]
[WhiteElo "2721"]
[BlackElo "2623"]

1.d4 d5 2.Nf3 Nf6 3.c4 e6 4.Nc3 Be7 5.Bf4 O-O 6.e3 Nbd7 7.Be2 dxc4 8.Bxc4 a6
9.a4 b6 10.O-O Bb7 11.Qe2 c5 12.Rfd1 cxd4 13.exd4 Nd5 14.Nxd5 exd5 15.Bd3 Nf6
16.Rac1 Bd6 17.Ne5 Ne4 18.f3 Ng5 19.Bg3 Ne6 20.Bf5 Qf6 21.Qd3 Bxe5 22.Bxh7+ Kh8
23.Bxe5 Qg5 24.Bf5 Nf4 25.Bxf4 Qxf4 26.g3 Qd6 27.Qc3 Qf6 28.Bg4 Qh6 29.f4 Qg6
30.Bf3 Rac8 31.Qb4 a5 32.Qb5 Qd6 33.Bg4 Rxc1 34.Rxc1 Qe7 35.Qd3 Re8 36.Bf3 Qb4
37.b3 g6 38.Kg2 Ba6 39.Qc3 Qa3 40.Bxd5 Qa2+ 41.Kg1 Re2 42.Ra1 Qd2 43.Qxd2 Rxd2
44.Bxf7 Kg7 45.Be6 Kf6 46.d5 Bd3 47.Re1 Be2 48.Kf2 Bc4+ 49.Ke3 Rd3+ 50.Ke4 Rxb3
51.g4 Bd3+ 52.Kd4 Rb1 53.g5+ Ke7 54.Re3  1-0

[Event "64th ch-RUS HL"]
[Site "Taganrog RUS"]
[Date "2011.06.17"]
[Round "3"]
[White "Grigoriants,S RUS"]
[Black "Shukh,N"]
[Result "1-0"]
[WhiteElo "2562"]
[BlackElo "2438"]

1.Nf3 d5 2.d4 Nf6 3.c4 e6 4.Nc3 Be7 5.Bf4 O-O 6.e3 b6 7.cxd5 exd5 8.Be2 Bb7
9.h3 Nbd7 10.O-O a6 11.Ne5 Bd6 12.Qa4 Qe7 13.Nxd7 Nxd7 14.Bxd6 Qxd6 15.Bf3 Rfe8
16.Rac1 Re7 17.Rc2 f5 18.Qa3 Qxa3 19.bxa3 Nf6 20.a4 g5 21.a5 b5 22.a4 c6
23.Na2 g4 24.hxg4 fxg4 25.Be2 g3 26.Nb4 gxf2+ 27.Rxf2 Ne4 28.Rf4 bxa4 29.Bd3 Nd6
30.Kf2 Rae8 31.Rf3 Re6 32.Ra2 Rc8 33.Rxa4 c5 34.dxc5 Rxc5 35.Nxa6 Ne4+ 36.Rxe4 dxe4
37.Nxc5  1-0

[Event "IX Gyorgy Marx Mem"]
[Site "Paks HUN"]
[Date "2011.06.18"]
[Round "2"]
[White "Wojtaszek,R"]
[Black "Berkes,F"]
[Result "1-0"]
[WhiteElo "2721"]
[BlackElo "2693"]

1.d4 d5 2.c4 e6 3.Nc3 Be7 4.Nf3 Nf6 5.Bf4 O-O 6.e3 Nbd7 7.a3 c5 8.cxd5 Nxd5
9.Nxd5 exd5 10.dxc5 Nxc5 11.Be2 Bf6 12.Be5 Bxe5 13.Nxe5 Be6 14.Nf3 Qb6 15.Qd4 Rfc8
16.Rd1 Nb3 17.Qxb6 axb6 18.Nd4 Nxd4 19.Rxd4 Rc1+ 20.Bd1 Rc4 21.Rxc4 dxc4
22.Kd2 Rd8+ 23.Kc2 Bf5+ 24.Kc3 Rd3+ 25.Kxc4 Rd2 26.b4 Rxf2 27.Bf3 Ra2 28.Rd1 g5
29.Kb5 Kg7 30.Bxb7 Rxa3 31.e4 Bg4 32.Rd4 Ra2 33.e5 Be2+ 34.Kxb6 Bf1 35.Rd7 Bxg2
36.e6 Kf8 37.Rxf7+ Ke8 38.Ba6 Bc6 39.Rxh7  1-0

[Event "4th Karen Asrian Memorial"]
[Site "Jermuk ARM"]
[Date "2011.06.19"]
[Round "4"]
[White "Turov,M"]
[Black "Morchiashvili,B"]
[Result "1-0"]
[WhiteElo "2634"]
[BlackElo "2394"]

1.d4 d5 2.c4 e6 3.Nc3 Be7 4.Nf3 Nf6 5.Bf4 c5 6.dxc5 Bxc5 7.e3 Nc6 8.cxd5 Nxd5
9.Nxd5 exd5 10.a3 Qf6 11.Qc2 Bb6 12.Rd1 Bf5 13.Bd3 Bg4 14.Be2 Bf5 15.Qb3 Ba5+
16.Nd2 O-O 17.O-O Qg6 18.Nf3 Bc2 19.Qxb7 Bxd1 20.Rxd1 Qc2 21.Kf1 Rad8 22.Qb5 h6
23.b4 Bb6 24.Ne1 Qg6 25.a4 Rc8 26.Rxd5 Qe4 27.Bd6 Rfd8 28.a5 a6 29.Qd3 Qxd3
30.Rxd3 Bc7 31.Bc5 Rxd3 32.Bxd3 Nxa5 33.Bxa6 Ra8 34.b5 Nc4 35.Nc2 Bb6 36.Bb4 Rd8
37.Ke2 Ne5 38.Bc3 Nd7 39.Bb7 Nc5 40.Bc6 Ne6 41.Na3 Bc5 42.Nc4 Kf8 43.f4 Rc8
44.f5 Nd8 45.Bd5 Rb8 46.b6 Rxb6 47.Nxb6 Bxb6 48.e4 f6 49.Bb4+ Ke8 50.h3 h5
51.Bd6 Ba5 52.e5 fxe5 53.Bxe5 Kf8 54.Bd6+ Ke8 55.Bf3 Kf7 56.Be5 h4 57.Bd5+ Kf8
58.Bf4 Bb4 59.Kf3 Be7 60.Kg4 Bf6 61.Bd6+ Ke8 62.Kh5 Kd7 63.Bf8 Ke8 64.Bb4 Nf7
65.Bxf7+ Kxf7 66.Bd2 Be7 67.Bg5  1-0

[Event "4th Karen Asrian Memorial"]
[Site "Jermuk ARM"]
[Date "2011.06.19"]
[Round "4"]
[White "Moradiabadi,E"]
[Black "Saduakassova,D"]
[Result "1-0"]
[WhiteElo "2536"]
[BlackElo "2207"]

1.d4 Nf6 2.c4 e6 3.Nf3 d5 4.Nc3 Be7 5.Bf4 O-O 6.e3 c5 7.dxc5 Bxc5 8.a3 Nc6
9.Qc2 Qa5 10.Rd1 Be7 11.Be2 dxc4 12.Bxc4 Nh5 13.O-O Nxf4 14.exf4 g6 15.g3 Bf6
16.Ne4 Bg7 17.Rd2 a6 18.Rfd1 Qc7 19.Ba2 Qe7 20.Nd6 Rb8 21.Qe4 h6 22.h4 h5
23.Ng5 Bf6 24.Nxc8 Rbxc8 25.Rd7 Rcd8 26.Bxe6 Bxg5 27.Qxg6+ Kh8 28.Qxh5+ Kg7
29.Rxe7  1-0

[Event "80th ch-UKR 2011"]
[Site "Kiev UKR"]
[Date "2011.06.19"]
[Round "9"]
[White "Moiseenko,A1"]
[Black "Miroshnichenko,E"]
[Result "1-0"]
[WhiteElo "2679"]
[BlackElo "2651"]

1.d4 d5 2.c4 e6 3.Nf3 Nf6 4.Nc3 Be7 5.Bf4 O-O 6.e3 Nbd7 7.Qc2 c5 8.dxc5 Nxc5
9.Be2 dxc4 10.Bxc4 Bd7 11.O-O Rc8 12.Ne5 Qb6 13.Be2 Nd5 14.Nxd5 exd5 15.Nxd7 Nxd7
16.Qf5 Nf6 17.Be5 Qe6 18.Bd3 Ne4 19.Bxe4 dxe4 20.Qxe6 fxe6 21.Rad1 Rfd8 22.Rxd8+ Bxd8
23.Rd1 Kf7 24.g4 Bf6 25.Bxf6 gxf6 26.Rd7+ Kg6 27.Rxb7 Rc2 28.a4 a5 29.Kg2 h5
30.gxh5+ Kxh5 31.Rb6 f5 32.Rxe6 Rxb2 33.Re5 Kg6 34.Kg3  1-0

[Event "5th Kings Tournament"]
[Site "Medias ROU"]
[Date "2011.06.19"]
[Round "8"]
[White "Radjabov,T"]
[Black "Carlsen,M"]
[Result "1/2-1/2"]
[WhiteElo "2744"]
[BlackElo "2815"]

1.Nf3 Nf6 2.c4 e6 3.Nc3 d5 4.d4 Be7 5.Bf4 O-O 6.e3 b6 7.cxd5 Nxd5 8.Nxd5 Qxd5
9.Bd3 Qa5+ 10.Ke2 Ba6 11.a3 c5 12.b4 Bxd3+ 13.Qxd3 Qa4 14.bxc5 bxc5 15.Rhc1 Nd7
16.Qc4 Qa5 17.dxc5 Nxc5 18.Nd4 Rac8 19.Qb5 Qd8 20.Nc6 Qd7 21.Nxe7+ Qxe7 22.Be5 Ne4
23.f3 Qg5 24.fxe4 Rcd8 25.Qb2 Qxg2+ 26.Ke1 Qg1+ 27.Ke2 Qg2+ 28.Ke1 Qg1+ 29.Ke2  1/2-1/2

[Event "IX Gyorgy Marx WGM"]
[Site "Paks HUN"]
[Date "2011.06.19"]
[Round "3"]
[White "Mkrtchian,L"]
[Black "Sharevich,A"]
[Result "1/2-1/2"]
[WhiteElo "2468"]
[BlackElo "2378"]

1.d4 d5 2.c4 e6 3.Nc3 Be7 4.Nf3 Nf6 5.Bf4 O-O 6.e3 Nbd7 7.a3 c5 8.cxd5 Nxd5
9.Nxd5 exd5 10.dxc5 Nxc5 11.Be2 Bf6 12.Be5 Bxe5 13.Nxe5 Be6 14.Nf3 Qb6 15.Qd4 Rfc8
16.Rd1 h6 17.O-O Nb3 18.Qxb6 axb6 19.Bd3 Kf8 20.Rfe1 Rc7 21.Bb1 Na5 22.Nd4 Nc4
23.Re2 Rac8 24.f3 Bd7 25.Kf2 g6 26.Ba2 b5 27.g4 Bc6 28.h4 Re8 29.Rd3 Rce7
30.Rb3 Nd6 31.Rc3 Nc4 32.Bb1 Bd7 33.Rb3 Na5 34.Rc3 Nc4 35.Ba2 Ra8 36.Bb3 Rae8
37.Ba2 Ra8 38.Bb1 Rae8 39.Rd3 Re5 40.Rb3 Na5 41.Rc3 Nc4 42.Ba2 Ra8 43.Bxc4 bxc4
44.Nc2 g5 45.hxg5 hxg5 46.Rd2 f5 47.gxf5 Bxf5 48.f4 gxf4 49.exf4 Re4 50.Rxd5 Rxf4+
51.Ke3 Rf1 52.Ke2 Rf4 53.Ke3 Rf1 54.Ke2 Rf4  1/2-1/2

[Event "61st ch-RUS HL w"]
[Site "Taganrog RUS"]
[Date "2011.06.20"]
[Round "5"]
[White "Ivakhinova,I"]
[Black "Semenova,E"]
[Result "1/2-1/2"]
[WhiteElo "2326"]
[BlackElo "2188"]

1.d4 d5 2.c4 e6 3.Nc3 Nf6 4.Nf3 Be7 5.Bf4 O-O 6.e3 Nbd7 7.Qc2 dxc4 8.Bxc4 a6
9.e4 c5 10.e5 Nh5 11.Be3 cxd4 12.Bxd4 Bc5 13.Bxc5 Nxc5 14.b4 Nd7 15.Qe4 Nb6
16.Bb3 Bd7 17.O-O Rc8 18.Rac1 Bc6 19.Qe3 Bxf3 20.Qxf3 Qg5 21.Qxb7 Nf4 22.g3 Nh3+
23.Kg2 Nf4+ 24.Kg1 Nh3+ 25.Kg2 Nf4+ 26.Kg1 Nh3+  1/2-1/2

[Event "Baltija Cup Open A"]
[Site "Palanga LTU"]
[Date "2011.06.21"]
[Round "5.6"]
[White "Malinin,Y"]
[Black "Svitojus,Z"]
[Result "1-0"]
[WhiteElo "2346"]
[BlackElo "1897"]

1.d4 Nf6 2.c4 e6 3.Nc3 d5 4.Nf3 Be7 5.Bf4 c5 6.dxc5 Bxc5 7.e3 O-O 8.Qc2 Qe7
9.Rd1 Rd8 10.cxd5 Nxd5 11.Nxd5 Rxd5 12.Rxd5 exd5 13.Bd3 h6 14.O-O Nc6 15.a3 Be6
16.Rd1 Rc8 17.b4 Bd6 18.Bxd6 Qxd6 19.Qb2 Qc7 20.h3 Qb6 21.Qd2 Qc7 22.Rc1 Qd6
23.Qb2 f6 24.Bb5 Ne5 25.Rxc8+ Bxc8 26.Nd4 Bd7 27.Qb3 a6 28.Bxd7 Nxd7 29.Nf5 Qe6
30.Qxd5 Qxd5 31.Ne7+ Kf7 32.Nxd5 Ke6 33.Nc3 Ne5 34.Kf1 b5 35.Ke2 Nc4 36.Nb1 Kd5
37.Kd3 Nb2+ 38.Kc2 Nc4 39.Kb3 Ke4 40.Kc2 Ke5 41.Kc3 f5 42.Nd2 Nd6 43.Kd3 g5
44.g4 fxg4 45.hxg4 Kd5 46.f4 Nc4 47.e4+ Ke6 48.f5+ Kf6 49.Nxc4 bxc4+ 50.Kxc4 h5
51.gxh5  1-0

[Event "35th ch-Gleisdorf"]
[Site "Gleisdorf AUT"]
[Date "2011.06.25"]
[Round "3"]
[White "Degtiarev,E"]
[Black "Posch,R"]
[Result "1/2-1/2"]
[WhiteElo "2327"]
[BlackElo "2139"]

1.d4 Nf6 2.c4 e6 3.Nc3 d5 4.Nf3 Be7 5.Bf4 O-O 6.a3 c6 7.e3 dxc4 8.Bxc4 Nd5
9.Bg3 Nxc3 10.bxc3 Nd7 11.e4 Qa5 12.Qd2 c5 13.Ke2 b5 14.Bd3 Bb7 15.Rhb1 a6
16.Kf1 Rac8 17.c4 Qxd2 18.Nxd2 cxd4 19.cxb5 axb5 20.Bxb5 Nc5 21.f3 Ba6 22.Bxa6 Nxa6
23.Rb6 Ra8 24.Bd6 Bxd6 25.Rxd6 Nb4 26.Nc4 Nc2 27.Rc1 Nxa3 28.Nxa3  1/2-1/2

[Event "Zonal 2.4"]
[Site "Araruama BRA"]
[Date "2011.06.26"]
[Round "9"]
[White "Fier,A"]
[Black "Molina,Rob"]
[Result "1-0"]
[WhiteElo "2560"]
[BlackElo "2406"]

1.d4 d5 2.c4 e6 3.Nf3 Nf6 4.Nc3 Be7 5.Bf4 O-O 6.e3 Nbd7 7.c5 Nh5 8.Bd3 Nxf4
9.exf4 b6 10.b4 a5 11.a3 c6 12.O-O Qc7 13.g3 Ba6 14.Re1 Bf6 15.Bc2 axb4 16.axb4 Bb7
17.Rc1 g6 18.Re3 Rfd8 19.Na4 bxc5 20.bxc5 Bg7 21.h4 Ba6 22.h5 Bb5 23.Nc3 Ba6
24.Nb1 Bb5 25.Ng5 Nf8 26.Nc3 Ra5 27.Nf3 Nd7 28.Nxb5 Rxb5 29.Ra1 Ra5 30.Rxa5 Qxa5
31.hxg6 hxg6 32.Bxg6 fxg6 33.Rxe6 Qc7 34.Rxg6 Nf8 35.Rg4 Qd7 36.Ne5 Qe6 37.Rg5 Nh7
38.Rg6 Qf5 39.Nxc6 Re8 40.Ne5 Nf6 41.Rg5 Qe4 42.Qa1 Kh8 43.Nf7+ Kg8 44.Ne5 Kh8
45.Qb2 Qe1+ 46.Kg2 Qe4+ 47.Kh2 Qh7+ 48.Kg1 Qe4 49.c6 Qe1+ 50.Kg2 Qe4+ 51.Kh2 Qh7+
52.Kg1 Ne4 53.Rg4 Qf5 54.f3 Nf6 55.Rg5 Qc8 56.Qh2+ Nh7 57.Rh5 Kg8 58.Qc2 Nf6
59.Rg5 Re7 60.Qc5 Qc7 61.Ng4 Nxg4 62.Qxd5+ Kf8 63.fxg4 Rf7 64.Rf5 Rxf5 65.Qxf5+ Ke7
66.d5 Kd6 67.g5 Bd4+ 68.Kg2 Qe7 69.Kh3 Qe2 70.g6 Kc5 71.c7  1-0

[Event "3rd Eforie Open"]
[Site "Eforie Nord ROU"]
[Date "2011.06.26"]
[Round "7.2"]
[White "Malakhatko,V"]
[Black "Gavrilov,Al1"]
[Result "1/2-1/2"]
[WhiteElo "2546"]
[BlackElo "2478"]

1.d4 Nf6 2.c4 e6 3.Nf3 d5 4.Nc3 Be7 5.Bf4 O-O 6.a3 b6 7.cxd5 Nxd5 8.Nxd5 exd5
9.g3 c5 10.Bg2 Nc6 11.O-O Be6 12.dxc5  1/2-1/2

[Event "Ladislava Kotana Mem"]
[Site "Kosice SVK"]
[Date "2011.06.26"]
[Round "2"]
[White "Odnorozhenko,E"]
[Black "Borovsky,Adam"]
[Result "1-0"]
[WhiteElo "2319"]
[BlackElo "1971"]

1.d4 d5 2.c4 e6 3.Nf3 Nf6 4.Nc3 Be7 5.Bf4 O-O 6.e3 b6 7.Rc1 dxc4 8.Bxc4 Bb7
9.O-O c5 10.Qe2 Nd5 11.dxc5 Nxf4 12.exf4 Bxc5 13.Rfd1 Qf6 14.g3 Nc6 15.Rd7 Na5
16.Bd3 Rad8 17.Ne4 Bxe4 18.Qxe4 g6 19.Rxa7 Qxb2 20.Rc2 Qa1+ 21.Kg2 Nc6 22.Qxc6 Rxd3
23.Qe4 Rd1 24.Qe2 Rfd8 25.Ne5 Re1 26.Qc4 Rf8 27.a4 Rg1+ 28.Kh3 Qf1+ 29.Qxf1 Rxf1
30.Kg2 Rd1 31.a5 Rb1 32.Rb7 Bd4 33.Nc6 Bc5 34.Rxc5  1-0